000 00997nam a22001937a 4500
999 _c63324
_d63324
003 Ge_BSU
005 20250915152430.0
008 250915s2023 ge ||||| |||| 00| 0 geo d
020 _a9789941861154
041 _ageo
080 _a821.353.1-4 ბ-32
100 _aბარბაქაძე, დათო
_925811
245 _aსიტყვის შეუძლებლობა :
_bესსეები და ჩანაწერები /
_c დათო ბარბაქაძე.
264 _aთბილისი :
_bთვითგამომცემლობა მერწყული,
_c2023.
300 _a269 გვ. ;
_b 21 სმ.
500 _aგამოიცა ავტორის გერმანული და ავსტრიული ლიტერატურული სტიპენდიენტებიდან დანაზოგი თანხით.
653 _aქართული ესე
942 _2udc
_cᲬᲘᲒᲜᲘ